Estadísticas para Villanos y Antagonistas de Pixar

Haz click aquí para intentar la prueba.

Estadísticas generales

  • Esta prueba ha sido intentada 44 veces
  • La puntuación promedio es 7 de 30

Estadísticas de respuestas

PelículaAñoVillano / Antagonista% Correcto
Toy Story 21999Al McWhiggin
77%
Toy Story1995Sid Phillips
71%
Monsters, Inc.2001Randall Boggs
66%
Toy Story 32010Lotso
63%
Los Increibles2004Sindrome
49%
Coco2017Ernesto de la Cruz
37%
Lightyear2022Zurg
31%
Buscando a Nemo2003Dr. Philip y Darla Sherman
29%
Ratatouille2007Anton Ego
26%
Cars2006Chick Hicks
26%
Bichos1998Hopper
26%
Toy Story 21999Capataz Pete / El Oloroso Pete
23%
Toy Story 42019Gabby Gabby
20%
Ratatouille2007Chef Skinner
17%
Cars 32017Jackson Storm
17%
Valiente2012Mor'du
17%
WALL-E2008AUTO
14%
Up
2009Charles F. Muntz
11%
Soul2020Terry
11%
Los Increibles 22018Evelyn Deavor / Rapta-Pantallas
9%
Intensamente2015Gloom y Jangles el payaso
9%
Monsters, Inc.2001Henry J. Waternoose
6%
Cars 22011Miles Axlerod
6%
Elementos2023Bernie Lumen
3%
Buscando a Dory2016Calamar Gigante
3%
Onward2020Dragon Maldito
3%
Luca2021Ercole Visconti
3%
Monsters University2013Johnny J. Worthington III
3%
Turning Red2022Ming Lee
3%
Un Gran Dinosaurio2016Thunderclap
3%

Distribución de puntuación

Porcentaje por número respondido

Porcentaje de gente con cada puntuación

Historial de tus puntuaciones

No has intentado esta prueba.